000 00440nab a22001457 4500
003 ES-SlBCS
005 20210327224217.0
008 180228s2018 sp ||||| |||| 00| 0 spa d
040 _aES-SlBCS
_bspa
041 _aspa
100 1 _aDavid, Pablo Virgilio S
_9112718
245 1 4 _aUna lectura poscolonial de Gálatas 3,28
_cPablo Virgilio S. Favid
773 0 _gNúm. 374, 2018, págs. 41-50
_tConcilium
_wRev134
_x0210-1041
942 _2lcc
_cAR
999 _c475446
_d475446